| 000 | 00716nam a2200229 a 4500 | ||
|---|---|---|---|
| 005 | 20210219153202.0 | ||
| 008 | 991125n 000 0 spa u | ||
| 035 | _aUPN01000082974 | ||
| 100 | 1 | _aActis, Walter | |
| 222 |
_aEDUCACION Y BIBLIOTECA: _bREVISTA MENSUAL DE DOCUMENTACION Y RECURSOS DIDACTICOS |
||
| 245 | _aInmigración extranjera en España : características diferenciales en el contexto europeo | ||
| 260 | _aMadrid, España | ||
| 300 | _a30-35 | ||
| 362 | 0 | _a1994 No. 51, nov. | |
| 653 | 0 | _aINMIGRACION | |
| 653 | 0 | _aINMIGRANTES | |
| 653 | 0 | _aINTEGRACION SOCIAL | |
| 700 | 0 |
_aPereda, Carlos, _ecoaut. |
|
| 700 | 0 |
_aDe Prada, Miguel A. _ecoaut. |
|
| 904 |
_aAC _b020785 |
||
| 905 | _aArticulo | ||
| 999 |
_c70496 _d70496 |
||